The Fall Of Fergal (Record no. 591497)

MARC details
000 -LEADER
fixed length control field 00434nam a22001577a 4500
008 - FIXED-LENGTH DATA ELEMENTS--GENERAL INFORMATION
fixed length control field 251013b |||||||| |||| 00| 0 eng d
020 ## - INTERNATIONAL STANDARD BOOK NUMBER
ISBN 9780571215218
Paper back/Hardbound pbk
041 ## - LANGUAGE CODE
Language code of text/sound track or separate title eng
082 ## - DEWEY DECIMAL CLASSIFICATION NUMBER
Classification number 823.0083
Item number ARD
100 ## - MAIN ENTRY--AUTHOR NAME
Personal name Ardagh, Philip
245 ## - TITLE STATEMENT
Title The Fall Of Fergal
Statement of responsibility, etc by Philip Ardagh Illustrated by David Roberts
260 ## - PUBLICATION, DISTRIBUTION, ETC. (IMPRINT)
Place of publication London
Name of publisher Faber And Fabert Limited
Year of publication 2002
300 ## - PHYSICAL DESCRIPTION
Number of Pages 134p.
942 ## - ADDED ENTRY ELEMENTS (KOHA)
Koha item type Reference
Holdings
Withdrawn status Lost status Damaged status Not for loan Home library Current library Shelving location Date acquired Full call number Accession Number Price effective from Koha item type
        Anna Centenary Library Anna Centenary Library CHILDREN SECTION-1ST FLOOR, B WING 04.12.2010 823.0083 ARD 391605 13.10.2025 Reference

Find us on the map